Japanese management structures, 1920-80 / (Record no. 58866)
[ view plain ]
| 000 -LEADER | |
|---|---|
| fixed length control field | 00878nam a2200277 a 4500 |
| 001 - CONTROL NUMBER | |
| control field | 58866 |
| 003 - CONTROL NUMBER IDENTIFIER | |
| rucl marc code | BD-RjUL |
| 005 - DATE AND TIME OF LATEST TRANSACTION | |
| control field | 20211209080650.0 |
| 008 - FIXED-LENGTH DATA ELEMENTS--GENERAL INFORMATION | |
| fixed length control field | 161220s1991 enk b 001 0 eng d |
| 020 ## - INTERNATIONAL STANDARD BOOK NUMBER | |
| International Standard Book Number | 0333475208 |
| International Standard Book Number | 0333475216 (pbk.) |
| 035 ## - SYSTEM CONTROL NUMBER | |
| System control number | BD-RjUL 58990 |
| 040 ## - CATALOGING SOURCE | |
| Original cataloging agency | BD-RjUL |
| Language of cataloging | eng |
| Transcribing agency | BD-RjUL |
| 041 ## - LANGUAGE CODE | |
| Language code of text/sound track or separate title | eng |
| 082 ## - DEWEY DECIMAL CLASSIFICATION NUMBER | |
| Classification number | 658.00952 |
| Edition number | 23 |
| Author mark and year | SUJ 1991 |
| 100 1# - MAIN ENTRY--PERSONAL NAME | |
| Personal name | Suzuki, Yoshitaka, |
| Dates associated with a name | 1944- |
| 9 (RLIN) | 175032 |
| 245 10 - TITLE STATEMENT | |
| Title | Japanese management structures, 1920-80 / |
| Statement of responsibility, etc. | Yoshitaka Suzuki. |
| 260 ## - PUBLICATION, DISTRIBUTION, ETC. (IMPRINT) | |
| Place of publication, distribution, etc. | Basingstoke : |
| Name of publisher, distributor, etc. | Macmillan, |
| Date of publication, distribution, etc. | 1991. |
| 300 ## - PHYSICAL DESCRIPTION | |
| Pagination | xiii, 354 p. : |
| Illustrations | ill. ; |
| Size | 23 cm. |
| 490 1# - SERIES STATEMENT | |
| Series statement | Studies in the modern Japanese economy |
| 504 ## - BIBLIOGRAPHY, ETC. NOTE | |
| Bibliography, etc | Includes bibliographical references and index. |
| 650 #0 - SUBJECT ADDED ENTRY--TOPICAL TERM | |
| Topical term or geographic name as entry element | Industrial management |
| Geographic subdivision | Japan |
| General subdivision | History |
| 9 (RLIN) | 175033 |
| 830 #0 - SERIES ADDED ENTRY--UNIFORM TITLE | |
| Uniform title | Studies in the modern Japanese economy |
| 942 ## - ADDED ENTRY ELEMENTS (KOHA) | |
| Source of classification or shelving scheme | Dewey Decimal Classification |
| Koha item type | Books |
| Lost status | Source of classification or shelving scheme | Damaged status | Not for loan | Collection code | Permanent Location | Current Location | Shelving location | Date acquired | Total Checkouts | Full call number | Date last seen | Copy number | Koha item type |
|---|---|---|---|---|---|---|---|---|---|---|---|---|---|
| Dewey Decimal Classification | Not For Loan | Non-fiction | Central Library, University of Rajshahi | Central Library, University of Rajshahi | Reading Room | 04/06/1992 | 658.00952 SUJ 1991 | 20/12/2016 | C-1 | Books |